| 000 | 00514nam a2200133Ia 4500 | ||
|---|---|---|---|
| 005 | 20260209120150.0 | ||
| 008 | 260209s9999||||xx |||||||||||||| ||und|| | ||
| 100 | _aRahul Kumar | ||
| 245 | 0 | _aUntangling the web : a critical analysis of the prevention of money laundering act, 2002 | |
| 260 |
_aBangaloreBangalore _bNLSIU, Bangalore _c2023 - 2024 |
||
| 300 | _a34 p. ; 25 cm. | ||
| 700 | _aMs. Darshana Mitra - SupervisorMs. Darshana Mitra - Supervisor | ||
| 856 | _uhttps://dans.nls.ac.in/handle/123456789/2194 | ||
| 999 |
_c217701 _d217701 |
||